| 000 | 00607nam a2200217Ii 4500 | ||
|---|---|---|---|
| 003 | JO-AjNU | ||
| 008 | 230606s9999||||xx |||||||||||||| ||und|| | ||
| 020 | _a978-0-07-061634-9/0-07-061634-5 | ||
| 040 |
_aJO-AjNU _beng _erda _cJO-AjNU |
||
| 041 | _aeng | ||
| 050 | 1 | 4 | _aT54.6.2007 |
| 100 | 3 |
_acases,text, _eauthor _9399 |
|
| 245 | 0 | 0 | _amanagement information system |
| 250 | _a3 ed | ||
| 264 | 3 | 1 | _aLondon:Mcgraw hill,2007 |
| 300 | _a786p | ||
| 336 |
_atext _btxt _2rdacontent |
||
| 337 |
_aunmediated _bn _2rdamedia |
||
| 338 |
_avolume _bnc _2rdacarrier |
||
| 650 | 4 |
_amanagement information system _9400 |
|
| 999 |
_aE213 _c213 _d213 |
||